Countries with Vuelta d'España wins - Statistics

General Stats
  • This quiz has been taken 45 times
    34 since last reset
  • The average score is 13 of 14
Answer Stats
# Country % Correct
8 Belgium
100%
9 France
100%
6 Italy
100%
2 Netherlands
100%
32 Spain
100%
1 United States
100%
5 Switzerland
96%
3 United Kingdom
96%
2 Colombia
88%
3 Germany
88%
1 Russia
85%
3 Slovenia
85%
1 Ireland
73%
1 Kazakhstan
38%
No matching quizzes found
Score Distribution
Percent of People with Each Score
Percentile by Number Answered
Your Score History
You have not taken this quiz since the last reset